Everyday morality (Registro nro. 325539)

Detalles MARC
000 -ENCABEZADO
Número de control [NR] 01493nam a22002657a 4500
005 - FECHA Y HORA DE LA ÚLTIMA TRANSACCIÓN
control field 20250714072313.0
008 - DE LONGITUD FIJA DE DATOS DE ELEMENTOS - INFORMACIÓN GENERAL
Elementos de longitud fija [NR] 250714b ||||| |||| 00| 0 eng d
020 ## - NUMERO INTERNACIONAL NORMALIZADO PARA LIBROS [R]
Número Internacional Normalizado del libro [NR] 0495007080
040 ## - FUENTE DE CATALOGACION [NR]
Agencia de catalogación original [NR] CO-BoUCM
Quien Cataloga David Moreno
Quien Clasifica David Moreno
041 ## - CODIGO DE IDIOMA [R]
Código de idioma para texto/pista de sonido o título separado [R] Inglés
100 1# - ASIENTO PRINCIPAL--NOMBRE PERSONAL [NR]
Nombre personal [NR] Martin, Mike W.
ID Autoridad 186084
245 10 - MENCION DE TITULO [NR]
Título [NR] Everyday morality
Parte restante del título [NR] an introduction to applied ethics
Mención de responsabilidad, etc. [NR] Mike W. Martin
250 ## - MENCION DE EDICION [NR]
Mención de edición [NR] 4a.Ed
260 ## - PUBLICACION, DISTRIBUCION, ETC. (PIE DE IMPRENTA) [R]
Lugar de publicación, distribución, etc. [R] Belmont, California
Nombre del editor, distribuidor, etc. [R] Thomson Wadsworth Pub. Co.
Fecha de publicación, distribución, etc. [R] 2007
300 ## - DESCRIPCION FISICA [R]
Extensión [R] xvi, 320 Paginas
504 ## - NOTA DE BIBLIOGRAFIA, ETC. [R]
Nota de bibliografía, etc. [NR] Incluye referencias bibliográficas e índices
505 ## - NOTA DE CONTENIDO CON FORMATO PREESTABLECIDO [R]
Mención de responsabilidad [R] Pt. 1. Character, conduct, and relationships. Moral reasoning and applied ethics -- Creativity, autonomy, and moral growth -- Theories of virtue -- Theories of right action. pt. 2. Self-respect and integrity. Harming oneself -- Self-deception -- Weakness of will -- Courage. pt. 3. Respect for others. Rape and sexual harassment -- Prejudice -- Ridicule, rudeness, and snobbery -- Envy and jealousy. pt. 4. Sexual morality. Sex and love -- Marriage and adultery -- Homosexuality and homophobia -- Pornography and fantasy. pt. 5. Caring relationships. Parents and children -- Friendship -- Work -- Community -- Animals.
650 #4 - ASIENTO SECUNDARIO DE MATERIA - TERMINO TEMATICO [R]
Término temático o nombre geográfico como elemento de entrada [NR] Ética (filosofía)
9 (RLIN) 186085
650 #4 - ASIENTO SECUNDARIO DE MATERIA - TERMINO TEMATICO [R]
Término temático o nombre geográfico como elemento de entrada [NR] Ética aplicada
9 (RLIN) 15224
650 #4 - ASIENTO SECUNDARIO DE MATERIA - TERMINO TEMATICO [R]
Término temático o nombre geográfico como elemento de entrada [NR] Ética personal
9 (RLIN) 186086
650 #4 - ASIENTO SECUNDARIO DE MATERIA - TERMINO TEMATICO [R]
Término temático o nombre geográfico como elemento de entrada [NR] Ética práctica
9 (RLIN) 186087
650 #4 - ASIENTO SECUNDARIO DE MATERIA - TERMINO TEMATICO [R]
Término temático o nombre geográfico como elemento de entrada [NR] Ética contemporánea
9 (RLIN) 186088
942 ## - ELEMENTOS DE ENTRADA AGREGADOS (KOHA)
Sistema de clasificación DEWEY
Tema principal Filosofía
Tipo de ítem principal el descrito en 300a Libro
Edición 4
Clasificación 170
Parte restante de la signatura top. M382e
Título oculto en OPAC No
Existencias
Total préstamos Signatura topográfica Código de barras Última vez visto Volúmen / Fascículo Ejemplar Price effective from Tipo de ítem Perdido Sistema de clasificación Dañado No prestable Tipo de ítem específico Suprimido Ubicación habitual Ubicación actual Localización Fecha de creación Forma de adquisición Costo
  170 M382e 100174132 05/12/2025 4a.Ed Ej.1 14/07/2025 Libro   DEWEY     Libro   Claustro Claustro 2do piso 14/07/2025 Compra 282128.00